Monograph of the genus Adenia forsk(Passifloraceae) (Record no. 22247)

MARC details
000 -LEADER
fixed length control field 00347nam a2200121Ia 4500
082 ## - DEWEY DECIMAL CLASSIFICATION NUMBER
Classification number 582.842.7
Item number DEW
100 ## - MAIN ENTRY--AUTHOR NAME
Personal name DEWILDE, W J J
245 #0 - TITLE STATEMENT
Title Monograph of the genus Adenia forsk(Passifloraceae)
260 ## - PUBLICATION, DISTRIBUTION, ETC. (IMPRINT)
Place of publication Wageningen
Name of publisher Veenman& Zonen
Year of publication 1971
650 ## - SUBJECT ADDED ENTRY--TOPICAL TERM
Topical Term Adenia forsk morphology
942 ## - ADDED ENTRY ELEMENTS (KOHA)
Koha item type Books
Holdings
Withdrawn status Lost status Damaged status Not for loan Home library Current library Date acquired Full call number Accession Number Koha item type
        RRII Library RRII Library 16/12/2021 582.842.7 DEW 02969 Books